|
|
|
|
| LEADER |
00000nbm0a2200000 4500 |
| 001 |
184890 |
| 005 |
20231031172534.0 |
| 035 |
|
|
|a (RuTPU)RU\TPU\book\200522
|
| 090 |
|
|
|a 184890
|
| 100 |
|
|
|a 20100923d1967 k y0rusy50 ca
|
| 101 |
0 |
|
|a rus
|
| 102 |
|
|
|a RU
|
| 105 |
|
|
|a a p 001zy
|
| 200 |
1 |
|
|a Полупроводниковые стабилизаторы напряжения дискретного типа
|e Отчет о НИР
|f Томский политехнический институт (ТПИ) ; руководитель Л. Ананьев ; В. М. Кузнецов
|
| 210 |
|
|
|a Томск
|d 1967
|
| 215 |
|
|
|a 60 л.
|
| 320 |
|
|
|a Библиогр.: с. 57-90.
|
| 610 |
1 |
|
|a отчеты о НИР
|
| 610 |
1 |
|
|a полупроводниковые стабилизаторы
|
| 610 |
1 |
|
|a напряжение
|
| 610 |
1 |
|
|a эксплуатация
|
| 610 |
1 |
|
|a радиоаппаратура
|
| 610 |
1 |
|
|a требования
|
| 610 |
1 |
|
|a классификация
|
| 610 |
1 |
|
|a действие
|
| 610 |
1 |
|
|a описание
|
| 610 |
1 |
|
|a недостатки
|
| 675 |
|
|
|a 621.316.7
|v 3
|
| 702 |
|
1 |
|a Ананьев
|b Л.
|4 673
|
| 702 |
|
1 |
|a Кузнецов
|b В. М.
|4 677
|
| 712 |
0 |
2 |
|a Томский политехнический институт (ТПИ)
|c (1944-1991)
|2 stltpush
|3 (RuTPU)RU\TPU\col\1123
|4 595
|
| 801 |
|
1 |
|a RU
|b 63413507
|c 20100923
|
| 801 |
|
2 |
|a RU
|b 63413507
|c 20140204
|g RCR
|
| 942 |
|
|
|c BK
|